000 00364pab a2200145 454500
008 180718b1988 xxu||||| |||| 00| 0 eng d
100 _aGreenley, Gordon E.
245 _aManagerial perceptions of marketing planning
260 _c1988
300 _a575-601
362 _aNov.
650 _aMarketing
773 _aJournal of Management Studies
909 _a13507
999 _c13507
_d13507